30 Personnages de Genshin Impact aléatoires par Images - Statistiques

Statistiques générales
  • Ce quiz a été pris 71 fois
  • Le résultat moyen est 27 sur 30
Statistiques - réponses
Par images Réponse % Correct
Albedo
100%
Arlecchino
100%
Ayato
100%
Barbara
100%
Beidou
100%
Bennett
100%
Charlotte
100%
Chevreuse
100%
Citlali
100%
Clorinde
100%
Diona
100%
Freminet
100%
Gaming
100%
Ganyu
100%
Iansan
100%
Jean
100%
Lisa
100%
Nahida
100%
Nilou
100%
Nomade/Scaramouche
100%
Qiqi
100%
Razor
100%
Sethos
100%
Shenhe
100%
Sigewinne
100%
Sucrose
100%
Thomas
100%
Xiao
100%
Zhongli
100%
Kaveh
96%
Amber
94%
Cyno
94%
Dehya
94%
Durin
94%
Furina
94%
Heizou
94%
Kaeya
94%
Mona
94%
Navia
94%
Neuvillette
94%
Venti
94%
Baizhu
93%
Collei
93%
Dahlia
93%
Kinich
93%
Ningguang
93%
Ororon
93%
Shogun Raiden
93%
Xingqiu
93%
Gorou
92%
Klee
92%
Lynette
92%
Tartaglia
92%
Voyageur
92%
Lyney
91%
Yoimiya
91%
Mualani
90%
Varesa
90%
Fischl
89%
Kuki Shinobu
89%
Nefer
89%
Yelan
89%
Alhaitham
88%
Ayaka
88%
Diluc
88%
Ifa
88%
Lauma
88%
Skirk
88%
Tighnari
88%
Yae Miko
88%
Emilie
87%
Escoffier
87%
Eula
87%
Kujou Sara
87%
Wriothesley
87%
Xinyan
87%
Aino
86%
Mavuika
86%
Sayu
86%
Dori
85%
Flins
85%
Kazuha
85%
Rosalia
85%
Yaoyao
85%
Yun Jin
85%
Chasca
83%
Hu Tao
83%
Mizuki
83%
Xiangling
83%
Xilonen
83%
Noelle
82%
Yanfei
82%
Itto
81%
Kokomi
81%
Ineffa
80%
Mika
80%
Chiori
79%
Faruzan
79%
Kirara
77%
Xianyun
77%
Jahoda
75%
Kachina
75%
Candace
73%
Layla
73%
Chongyun
71%
Lan Yan
65%
Aucun quiz correspondant
Distribution des résultats
% des personnes avec chaque résultat
Percentile par nombre de réponses
Votre historique - résultats
Vous n’avez pas pris ce quiz